00695cam a2200193 i 450000100070000000500170000700800410002401000170006502000150008204000180009705000280011511000480014324501160019126000520030730000290035960000390038865000420042771000320046983115820170208084220.0770811s1977 nyua c 000 0 eng  a 77012235  a0870991698 aDLCcDLCdDLC00aNK613 b .N48M476 19772 aMetropolitan Museum of Art (New York, N.Y.)10aHighlights of the Untermyer Collection of English and continental decorative arts.cMetropolitan Museum of Art, aNew York :bMetropolitan Museum of Art,cc1977. a216 p. :bill. ;c28 cm.10aUntermyer, IrwinxArt collections. 0aDecoration and ornamentxExhibitions. aMetropolitan Museum of Art,